00394nam a2200133 a 4500020001500000040000800015082002900023100002300052245008000075260003000155300003700185650001700222700002100239 a0256135908 cDLC00a658​ LRW 1995 A056 Or.1 aEussell, Thomas H.10aReady notes for use with Fundamentals of corporate finance, third edition / aChicago :bIrwin,cc1995. a1 v. (unpaged) :bill. ;c26 cm. 0aCorporations1 aRoss, Stephen A.